00215nam a2200085Ia 4500008004100000041000800041100002100049245002400070260003500094241105s9999 xx 000 0 und d aeng aDaripkar Ruchira aOceanarium At Worli bFinal Year B. Arch, BNCAc2014